000 00604nam a22001817a 4500
005 20251108175948.0
008 250721s2024 xx 000 0 ara d
082 1 4 _a613.25/أبر
100 1 _aأبرامسون، إدوارد
245 1 0 _aذكاء الجسد :
_bانقص وزنك وافتخر بجسمك الرشيق دون اتباع أي نظام غذائي /
250 _aط.6
264 1 _aالجيزة :
_bدار الفاروق للاستثمارات،
_c2024.
300 _a291ص.
650 1 7 _aالصحة العامة
650 1 7 _aالرجيم
942 _2ddc
_cBK
999 _c146525
_d146525